Thức ăn và dinh dưỡng động vật

Sách gồm 12 chương với các nội dung: thành phần cơ thể động vật và đặc điểm cấu tạo bộ máy tiêu hóa thức ăn, cấu tạo và chức năng bộ máy tiêu hóa thức ăn của các loài động vật, sơ đồ cấu tạo bộ máy tiêu hóa của các loài động v...

Deskribapen osoa

Gorde:
Xehetasun bibliografikoak
Egile nagusia: Dương, Thanh Liêm
Formatua: Liburua
Hizkuntza:Undetermined
Argitaratua: Thành phố Hồ Chí Minh Nông nghiệp 2002
Gaiak:
Etiketak: Etiketa erantsi
Etiketarik gabe, Izan zaitez lehena erregistro honi etiketa jartzen!
Thư viện lưu trữ: Trung tâm Học liệu Trường Đại học Cần Thơ
LEADER 01177nam a2200205Ia 4500
001 CTU_127467
008 210402s9999 xx 000 0 und d
082 |a 636.0892398 
082 |b L304 
100 |a Dương, Thanh Liêm 
245 0 |a Thức ăn và dinh dưỡng động vật 
245 0 |c Dương Thanh Liêm, Bùi Huy Như Phúc, Dương Duy Đồng 
260 |a Thành phố Hồ Chí Minh 
260 |b Nông nghiệp 
260 |c 2002 
520 |a Sách gồm 12 chương với các nội dung: thành phần cơ thể động vật và đặc điểm cấu tạo bộ máy tiêu hóa thức ăn, cấu tạo và chức năng bộ máy tiêu hóa thức ăn của các loài động vật, sơ đồ cấu tạo bộ máy tiêu hóa của các loài động vật kinh tế... 
526 |a Công nghệ thức ăn vật nuôi,Công nghệ chăn nuôi gia súc nhai lại,Dinh dưỡng gia cầm 
526 |b NNN612,NNN617,NNN605 
650 |a Diet in veterinary medicine 
980 |a Trung tâm Học liệu Trường Đại học Cần Thơ